Yüklüyor......
Preface to Donne
| Yazar: | |
|---|---|
| Materyal Türü: | Printed Book |
| Baskı/Yayın Bilgisi: |
London
Longman Group Limited
1982
|
| Konular: |
| LEADER | 00457nam a2200157 4500 | ||
|---|---|---|---|
| 082 | |a 821.09 DON-W | ||
| 100 | |a Winny, James | ||
| 245 | |a Preface to Donne | ||
| 250 | |||
| 260 | |a London |b Longman Group Limited |c 1982 | ||
| 300 | |||
| 490 | |||
| 650 | |a English poetry criticism-- Literature | ||
| 942 | |c BK | ||
| 999 | |c 228751 |d 228751 | ||
| 952 | |0 0 |1 0 |4 0 |6 821_090000000000000_DONW |7 0 |9 242884 |a SDE |b SDE |d 2019-12-12 |l 0 |o 821.09 DON-W |p SDE8116 |r 2019-12-12 |w 2019-12-12 |y BK | ||